[Event "Paris Department-ch"]
[Site "Paris"]
[Date "2003.??.??"]
[Round "4"]
[White "Barbuti, Claire"]
[Black "Pham, Chanh Lap"]
[Result "1/2-1/2"]
[WhiteElo "1340"]
[BlackElo "1790"]
[PlyCount "116"]
[EventDate "2003.02.14"]
[EventType "swiss"]
[EventRounds "6"]
[EventCountry "FRA"]
[SourceTitle "EXT 2004"]
[Source "ChessBase"]
[SourceDate "2003.11.25"]
[SourceVersion "1"]
[SourceVersionDate "2003.11.25"]
[SourceQuality "1"]

1. e4 c6 2. d4 d5 3. e5 Bf5 4. Bd3 Bg6 5. Bxg6 hxg6 6. Nf3 Qa5+ 7. Nc3 e6 8. 0-0 c5 9. dxc5 Bxc5 10. Qd3 Nc6 11. Qb5 0-0-0 12. Qxa5 Nxa5 13. a3 Nc6 14. Re1 Nh6 15. h3 Nf5 16. Bf4 Nfd4 17. Nxd4 Nxd4 18. Rac1 a6 19. Be3 Rh5 20. f4 Rdh8 21. b4 Ba7 22. a4 Nf3+ 23. gxf3 Bxe3+ 24. Rxe3 Rxh3 25. Kf2 Rh2+ 26. Ke1 Rg2 27. Kd1 Rf2 28. Ne2 Rhh2 29. c3 Kd7 30. Kd2 Rh3 31. Kd3 Rhh2 32. Rd1 b5 33. axb5 axb5 34. Nd4 Rh4 35. Re2 Rxe2 36. Nxe2 f6 37. exf6 gxf6 38. Ra1 Rh3 39. Ke3 g5 40. Rg1 gxf4+ 41. Nxf4 Rh7 42. Ra1 Rf7 43. Ra5 Kd6 44. Rxb5 Rc7 45. Kd3 Rc4 46. Ne2 e5 47. Rb6+ Ke7 48. b5 Rc7 49. f4 Rc4 50. f5 Rh4 51. Ke3 Rh3+ 52. Kf2 Rh2+ 53. Kf3 Rh3+ 54. Kg4 Re3 55. Re6+ Kf7 56. Ng3 Rxc3 57. Rd6 Rc4+ 58. Kf3 Rc3+ 1/2-1/2